|
|
|
|
| LEADER |
01645nam a2200385 i 4500 |
| 001 |
32599 |
| 003 |
BD-DhAAL |
| 005 |
20211116125434.0 |
| 008 |
170203t2017 maua b 101 0 eng |
| 999 |
|
|
|c 39020
|d 39020
|
| 010 |
|
|
|a 2017005345
|
| 020 |
|
|
|a 9780998117003 (hardcover : alk. paper)
|
| 040 |
|
|
|a DLC
|b eng
|e rda
|c DLC
|d DLC
|d BD-DhAAL
|
| 042 |
|
|
|a pcc
|
| 050 |
0 |
0 |
|a NA9053.S6
|b P827 2014
|
| 082 |
0 |
0 |
|a 720.103
|2 23
|
| 111 |
0 |
|
|a Public Space? Lost & Found (Symposium)
|d (2014 :
|c Massachusetts Institute of Technology)
|9 24817
|
| 245 |
1 |
0 |
|a Public space? :
|b lost and found /
|c edited by Gediminas Urbonas, Ann Lui, and Lucas Freeman.
|
| 260 |
|
|
|a Cambridge, MA :
|b SA+P Press, MIT School of Architecture + Planning,
|c c2017
|
| 300 |
|
|
|a 327 pages :
|b illustrations ;
|c 29 cm.
|
| 504 |
|
|
|a Includes bibliographical references and index.
|
| 505 |
0 |
|
|a Paradoxes -- Ecologies -- Jurisdictions -- Signals.
|
| 526 |
|
|
|a AAL
|
| 541 |
|
|
|a Development Book Agency
|e 32599
|
| 650 |
|
0 |
|a Public spaces
|v Congresses.
|9 24818
|
| 650 |
|
0 |
|a Public art
|x Social aspects
|v Congresses.
|9 24819
|
| 650 |
|
0 |
|a Architecture and society
|v Congresses.
|9 24820
|
| 650 |
|
0 |
|a Art and society
|v Congresses.
|9 24821
|
| 650 |
|
0 |
|a Architecture.
|9 42718
|
| 700 |
1 |
|
|a Urbonas, Gediminas,
|d 1966-
|9 24822
|
| 700 |
1 |
|
|a Lui, Ann
|9 24823
|
| 700 |
1 |
|
|a Freeman, Lucas
|9 24824
|
| 852 |
|
|
|a Ayesha Abed Library
|c General Stacks
|
| 942 |
|
|
|2 ddc
|c BK
|
| 952 |
|
|
|0 0
|1 0
|2 ddc
|4 0
|6 720_103000000000000_PUB
|7 0
|9 62612
|a BRACUL
|b BRACUL
|c GEN
|d 2018-01-14
|e Development Book Agency
|g 6950.00
|l 6
|m 16
|o 720.103 PUB
|p 3010032599
|q 2026-07-30
|r 2025-10-07
|s 2025-10-07
|t 1
|v 6950.00
|w 2018-01-14
|y BK
|